000 00426nam a22001217a 4500
999 _c9598
_d9598
003 OSt
008 201203b ||||| |||| 00| 0 eng d
245 _aIndian Journal of Engineering and Materials Sciences (IJEMS)
250 _a2005(Feb Vol.12 No.1, Apr Vol.12 No.2, Jun Vol.12 No.3, Aug Vol.12 No.4, Oct Vol.12 No.5, Dec Vol.12 No.6)
260 _aNew Delhi
_bCSIR-NISCAIR
650 _aMechanical Engineering
942 _2ddc
_cBV